[Event "Krakow Malopolski Cup"]
[Site "Krakow"]
[Date "2022.08.06"]
[Round "5"]
[White "Tittor, Weronika"]
[Black "Zieba, Hubert"]
[Result "0-1"]
[WhiteElo "1253"]
[BlackElo "1469"]
[PlyCount "36"]
[EventDate "2022.08.04"]
[EventType "swiss"]
[EventRounds "9"]
[EventCountry "POL"]
[SourceTitle "CBM 209 Extra"]
[Source "ChessBase"]
[SourceDate "2022.09.30"]
[SourceVersion "1"]
[SourceVersionDate "2022.09.30"]
[SourceQuality "1"]

1. e4 c5 2. c3 d6 3. d4 Nf6 4. Nd2 cxd4 5. cxd4 Nc6 6. d5 Ne5 7. b3 Qa5 8. Qe2 a6 9. f3 Bd7 10. Qe3 e6 11. dxe6 Bxe6 12. Ne2 Rc8 13. Nd4 Rc3 14. Qf4 Qc5 15. Bb2 Qxd4 16. Bxc3 Qxc3 17. Rd1 Be7 18. Be2 Nh5 0-1